000 00500nam a2200169 i 4500
001 82857
003 ES-MaACL
005 20230906174737.0
007 t|
008 041112s1980 sp ||||1| spa d
110 0 0 _aInstituto Fe y Secularidad.
_95054
245 1 0 _aInstituto Fe y Secularidad
_b: memoria académica 1979-1980.
260 _a[Madrid :
_bs.n.,
_c1980]
300 _a190 p. ;
_c21 cm.
610 2 4 _aInstituto Fe y Secularidad-
_vMemorias.
_9170418
852 _aES-MaACL
_jL-329
_bR.101277
999 _c82857
_d82857